01018nmm a2200289 a 4500003000900000005001700009008004100026040001300067100004100080245026100121260003300382300001600415600002800431600002300459650002300482650001500505650003200520650002600552650001300578650002600591650002200617650002500639650002800664651001100692651001000703655001500713AR-BaBNM20251128202931.0220120s1945 ||||||||||||||000 | spa|| cAR-BaBNM1 aGutiérrez, Juan Maríad1809-187810aBiografía del General Don José de San Martínbcon una biografía del autor por Don Antonio Zinny y el discurso sobre el General San Martín, pronunciado por el Dr. Don Nicolás Avellaneda el 5 de abril de 1877, aniversario de la batalla de Maipú aBuenos AiresbMónicac19450 a145 p.bil.14aSan Martín, José de14aBolívar, Simón 4aHISTORIA ARGENTINA 4aBIOGRAFIAS 4aGUERRAS DE LA INDEPENDENCIA 4aCAMPANAS LIBERTADORAS 4aHISTORIA 4aREGRESO DE SAN MARTIN 4aHISTORIA POLITICA 4aCAUDILLOS ARGENTINOS 4aINDEPENDENCIA ARGENTINA 4aPerú 4aChile aBIOGRAFIAS